000 00668nam a2200229 a 4500
001 62223
003 BD-RjUL
005 20211209081045.0
008 170123r19871983enka|||| |||| 00| 0 eng d
020 _a0075493020
035 _a(BD-RjUL)62348
040 _aBD-RjUL
_beng
_cBD-RjUL
041 _aeng
082 _223
_a808.0427
_bCOA 1987
100 _aConrad, Ronald
_9185065
245 4 _aThe act of writing :
_bCanadian essays for composition /
_cRonald Conrad.
250 _a2nd.
260 _aNew York :
_bMcGraw-Hill Ryerson Ltd.,
_cc 1987.
300 _axxxvi, 354 p. :
_bill. ;
_c23 cm.
650 _aEnglish language
_v Rhetoric.
_9185066
942 _2ddc
_cBK
999 _c62223
_d62223